[Event "Ibiza-ch"]
[Site "Eivissa"]
[Date "2016.11.13"]
[Round "3"]
[White "Guasch Juan, Juan Antonio"]
[Black "Ramirez Mari, Antonio"]
[Result "0-1"]
[WhiteElo "1391"]
[BlackElo "1611"]
[PlyCount "67"]
[EventDate "2016.11.06"]
[EventType "swiss"]
[EventRounds "7"]
[EventCountry "ESP"]
[SourceTitle "EXT 2018"]
[Source "ChessBase"]
[SourceDate "2017.10.13"]
[SourceVersion "1"]
[SourceVersionDate "2017.10.13"]
[SourceQuality "1"]

1. e4 c5 2. Nf3 e6 3. Bb5 a6 4. Bc4 Nc6 5. c3 b5 6. Bb3 c4 7. Bc2 Qc7 8. d4 cxd3 9. Qxd3 Nf6 10. Qe3 Be7 11. h3 Ne5 12. Nbd2 Bb7 13. Nxe5 Qxe5 14. Nf3 Qc5 15. 0-0 Qxe3 16. Bxe3 Bxe4 17. Bxe4 Nxe4 18. Bd4 0-0 19. Ne5 Nf6 20. f4 Rfc8 21. Kh1 d5 22. b4 Ne4 23. f5 Ng3+ 24. Kg1 Nxf1 25. Rxf1 f6 26. Nd7 e5 27. Bc5 Bxc5+ 28. Nxc5 Rc6 29. Rc1 Rac8 30. a4 bxa4 31. Nxa4 d4 32. Nc5 dxc3 33. Ne6 c2 34. g4 0-1

[Event "Ibiza-ch"]
[Site "Eivissa"]
[Date "2016.11.06"]
[Round "1"]
[White "Ramirez Cardona, Antonio Jose"]
[Black "Ramirez Mari, Antonio"]
[Result "1-0"]
[WhiteElo "1211"]
[BlackElo "1611"]
[PlyCount "91"]
[EventDate "2016.11.06"]
[EventType "swiss"]
[EventRounds "7"]
[EventCountry "ESP"]
[SourceTitle "EXT 2018"]
[Source "ChessBase"]
[SourceDate "2017.10.13"]
[SourceVersion "1"]
[SourceVersionDate "2017.10.13"]
[SourceQuality "1"]

1. e4 b6 2. Nf3 e6 3. Nc3 c5 4. Bc4 Nc6 5. 0-0 Qc7 6. Nb5 Qb8 7. d3 a6 8. Nc3 b5 9. Bb3 Na5 10. Re1 Nxb3 11. axb3 d6 12. d4 Be7 13. Bf4 cxd4 14. Nxd4 Bb7 15. Nf3 Nf6 16. e5 dxe5 17. Bxe5 Qd8 18. Qxd8+ Rxd8 19. Rad1 0-0 20. Rxd8 Rxd8 21. Rd1 Rxd1+ 22. Nxd1 Ng4 23. Bd4 Be4 24. c4 Bc2 25. Nc3 Bxb3 26. cxb5 axb5 27. Nxb5 Nf6 28. Nd2 Ba4 29. Nc3 Bc6 30. Ne2 Nd7 31. Ng3 f6 32. Bc3 e5 33. Nf5 Bf8 34. Nc4 g6 35. Na5 Bb5 36. Ne3 Kf7 37. Nd5 Nc5 38. Bb4 Bd3 39. Nc6 Ke6 40. Nc3 f5 41. f3 Bd6 42. Nd8+ Kd7 43. Nf7 Nb7 44. Bxd6 Nxd6 45. Nxe5+ Ke6 46. Nxd3 1-0

[Event "Ibiza-chT 38th"]
[Site "Ibiza"]
[Date "2016.03.17"]
[Round "3.4"]
[White "Navarro Lopez, Antonio"]
[Black "Ramirez Mari, Antonio"]
[Result "0-1"]
[WhiteElo "1324"]
[BlackElo "1649"]
[PlyCount "32"]
[EventDate "2016.03.13"]
[EventType "team-tourn"]
[EventRounds "5"]
[EventCountry "ESP"]
[SourceTitle "EXT 2024"]
[Source "ChessBase"]
[SourceDate "2023.10.10"]
[SourceVersion "1"]
[SourceVersionDate "2023.10.10"]
[SourceQuality "1"]
[WhiteTeam "Quatre Torres"]
[BlackTeam "Casino de Ibiza"]
[WhiteTeamCountry "ESP"]
[BlackTeamCountry "ESP"]

1. e4 c5 2. c4 Nc6 3. Nc3 d6 4. Nf3 Bg4 5. Be2 Nf6 6. d3 e6 7. 0-0 Be7 8. h3 Bxf3 9. Bxf3 a6 10. a4 0-0 11. Be3 Rc8 12. Ne2 Ne5 13. Nf4 Nc6 14. h4 Nd7 15. g3 Bf6 16. Nh5 Be7 0-1

[Event "Ibiza-ch"]
[Site "Eivissa"]
[Date "2015.11.21"]
[Round "5"]
[White "Valero Jimenez, Jose Manuel"]
[Black "Ramirez Mari, Antonio"]
[Result "0-1"]
[WhiteElo "1475"]
[BlackElo "1674"]
[PlyCount "114"]
[EventDate "2015.11.07"]
[EventType "swiss"]
[EventRounds "7"]
[EventCountry "ESP"]
[SourceTitle "EXT 2017"]
[Source "ChessBase"]
[SourceDate "2016.10.25"]
[SourceVersion "1"]
[SourceVersionDate "2016.10.25"]
[SourceQuality "1"]

1. e4 c6 2. d4 d5 3. e5 Bf5 4. a3 e6 5. b4 Nd7 6. Bd3 Bg6 7. Bxg6 hxg6 8. Nf3 Be7 9. Qd3 Nb6 10. Nbd2 Nh6 11. c4 dxc4 12. Nxc4 Nd5 13. 0-0 Nf5 14. Rb1 g5 15. Nd6+ Nxd6 16. exd6 Qxd6 17. g3 0-0-0 18. Ne5 Rdf8 19. b5 cxb5 20. Rxb5 Bf6 21. Qc4+ Nc7 22. Rc5 Bxe5 23. dxe5 Qd7 24. Bxg5 Kb8 25. Qb3 Nd5 26. Rd1 Rc8 27. Ra5 Qc7 28. Raxd5 exd5 29. Rxd5 Qc3 30. Qa4 Qc6 31. Qe4 Qc2 32. Qg4 Rc4 33. Qd7 Qb1+ 34. Kg2 Qh7 35. h4 Qe4+ 36. Kh2 Rc2 37. Qd6+ Ka8 38. Qd8+ Rc8 39. Qd7 Qc4 40. Be3 Rc7 41. Rd4 Rxd7 42. Rxc4 b6 43. a4 Kb7 44. Rb4 Rc8 45. a5 Rc6 46. axb6 axb6 47. Rg4 g6 48. Rg5 Ka6 49. h5 gxh5 50. Rxh5 b5 51. Rh8 b4 52. Ra8+ Kb5 53. Rb8+ Kc4 54. f4 Kc3 55. Ra8 b3 56. Ra3 Kb2 57. Ra8 Kc2 0-1

[Event "Eivissa City-chT"]
[Site "Eivissa"]
[Date "2015.03.14"]
[Round "2.4"]
[White "Ramirez Mari, Antonio"]
[Black "Marull Pinsach, Josep"]
[Result "1/2-1/2"]
[WhiteElo "1669"]
[BlackElo "1765"]
[PlyCount "73"]
[EventDate "2015.03.07"]
[EventType "team-tourn"]
[EventRounds "5"]
[EventCountry "ESP"]
[SourceTitle "EXT 2016"]
[Source "ChessBase"]
[SourceDate "2015.10.08"]
[SourceVersion "1"]
[SourceVersionDate "2015.10.08"]
[SourceQuality "1"]
[WhiteTeam "Ibiza Casino"]
[BlackTeam "Quatre Torres"]
[WhiteTeamCountry "ESP"]
[BlackTeamCountry "ESP"]

1. d4 Nf6 2. Nf3 d5 3. e3 e6 4. Nbd2 c5 5. c3 Nc6 6. Bd3 Qc7 7. 0-0 Bd6 8. a3 a6 9. Re1 0-0 10. e4 dxe4 11. Nxe4 Nxe4 12. Bxe4 g6 13. Be3 Rd8 14. Qc1 c4 15. Bg5 Be7 16. Bc2 b5 17. Bf4 Qd7 18. Bg5 Bxg5 19. Nxg5 Bb7 20. Ne4 Qe7 21. Qh6 Rd5 22. Ng3 Nd8 23. Be4 Qg5 24. Qxg5 Rxg5 25. h4 Rg4 26. Bxb7 Nxb7 27. Re4 Rxe4 28. Nxe4 Kg7 29. Re1 Rd8 30. f4 Rd5 31. Ng3 Nd6 32. Kf2 b4 33. Re5 bxc3 34. bxc3 Kf6 35. Kf3 Ke7 36. Rxd5 exd5 37. Ne2 1/2-1/2

[Event "Ibiza Summer op 3rd"]
[Site "Ibiza"]
[Date "2014.06.30"]
[Round "5"]
[White "Ramirez Mari, Antonio"]
[Black "Prohens Lopez, Aitor"]
[Result "1/2-1/2"]
[WhiteElo "1695"]
[BlackElo "1510"]
[PlyCount "52"]
[EventDate "2014.06.27"]
[EventType "swiss"]
[EventRounds "7"]
[EventCountry "ESP"]
[SourceTitle "CBM 161 Extra"]
[Source "ChessBase"]
[SourceDate "2014.08.29"]
[SourceVersion "1"]
[SourceVersionDate "2014.08.29"]
[SourceQuality "1"]

1. d4 Nf6 2. c4 e6 3. Nf3 b6 4. g3 Bb7 5. Bg2 Be7 6. 0-0 0-0 7. Nc3 Ne4 8. Qc2 Nxc3 9. Qxc3 c5 10. dxc5 bxc5 11. Be3 Nc6 12. Ne5 Qc7 13. Nxc6 Bxc6 14. Bxc6 Qxc6 15. Rab1 Rfd8 16. Rfc1 a5 17. Qe1 Bf6 18. Bd2 a4 19. Bc3 Be7 20. e4 d6 21. Qe2 Qd7 22. Qg4 e5 23. Qxd7 Rxd7 24. Rd1 f6 25. Rd5 Kf7 26. Rbd1 Ke6 1/2-1/2